Kvantifikácia minimálneho spotrebného koša pre bezdetné domácnosti ekonomicky aktívnych jednotlivcov a dvojíc

Na minha lista:
Detalhes bibliográficos
Autor principal: Tonhauserová, Alena
Outros Autores: Filipová, Jana
Formato: Livro
Idioma:eslovaco
Publicado em: Bratislava Výskumný ústav práce a sociálnych vecí 1991
Assuntos:
Tags: Adicionar Tag
Sem tags, seja o primeiro a adicionar uma tag!

MARC

LEADER 00000nam a2200000 4500
001 c108513
005 20240417083618.5
020 |a 80-7138-052-0 
041 0 |a slo 
044 |a SK 
245 1 0 |a Kvantifikácia minimálneho spotrebného koša pre bezdetné domácnosti ekonomicky aktívnych jednotlivcov a dvojíc  |c Alena Tonhauserová, Jana Filipová ; spolupráca: Jiří Dlouhý 
264 1 |a Bratislava  |b Výskumný ústav práce a sociálnych vecí  |c 1991 
300 |a 35 s. 
610 2 0 |a spotreba obyvateľstva 
610 2 0 |a spotreba osobná 
610 2 0 |a minimum existenčné 
610 2 0 |a výdavky obyvateľstva 
610 2 0 |a ženy 
610 2 0 |a muži 
610 2 0 |a domácnosti 
100 1 |a Tonhauserová, Alena 
700 1 |a Filipová, Jana